[Didaktika cvičnej firmy-teória a prax]

Recenzia na monografiu, ktorá rozpracúva problematiku cvičných firiem nielen z teoretickej stránky, ale venuje veľkú pozornosť aj praktickej stránke. Učebnica je štrukturovaná do piatich kapitol, ktoré na seba logicky nadväzujú.

Salvato in:
Dettagli Bibliografici
Autore principale: Orbánová, Darina
Natura: Capitolo di libro
Lingua:slovacco
Soggetti:
Tags: Aggiungi Tag
Nessun Tag, puoi essere il primo ad aggiungerne!!

MARC

LEADER 00000naa$a2200000$$$4500
001 0141766
005 20240502072536.9
041 0 |a slo 
044 |a SK 
245 1 0 |a [Didaktika cvičnej firmy-teória a prax]  |c Darina Orbánová 
520 |a Recenzia na monografiu, ktorá rozpracúva problematiku cvičných firiem nielen z teoretickej stránky, ale venuje veľkú pozornosť aj praktickej stránke. Učebnica je štrukturovaná do piatich kapitol, ktoré na seba logicky nadväzujú. 
610 2 0 |a recenzie 
610 2 0 |a firmy cvičné 
610 2 0 |a didaktika 
610 2 0 |a teória a prax 
100 1 |a Orbánová, Darina